| 000 | 00363nam a2200133Ia 4500 | ||
|---|---|---|---|
| 008 | 240624s9999 xx 000 0 und d | ||
| 041 | _aeng | ||
| 082 | _a658 FLA | ||
| 100 | _aFLAHERTY JOHN E | ||
| 245 | _aSHAPING THE MANAGERIAL MIND HOW THE WORL | ||
| 260 |
_c1999 _aSan Francisco _bJossey-Bass Publishers |
||
| 300 | _axii, : 445 : p. : cm. ; 24 | ||
| 365 |
_c _b35 |
||
| 999 |
_c7586 _d7586 |
||